Ενεργειακά συστήματα κατανεμημένης παραγωγής : εφαρμογή του μοντέλου HOMER στη Λέσβο : μεταπτυχιακή διατριβή

Saved in:
Bibliographic Details
Main Author: Φούντας, Αλέξιος-Αθανάσιος
Corporate Author: Πανεπιστήμιο Αιγαίου Σχολή Περιβάλλοντος Τμήμα Περιβάλλοντος Θεοφράστειο Πρόγραμμα Μεταπτυχιακών Σπουδών Περιβαλλοντική και Οικολογική Μηχανική
Format: Thesis Book
Language:Greek
Published: 2009.
Subjects:
Online Access:http://hdl.handle.net/11610/14779
Tags: Add Tag
No Tags, Be the first to tag this record!

MARC

LEADER 00000cam a2200000 i 4500
001 1/1209
008 090831s2009 gr | ||| |||| ||gre||
035 |l 10105512 
040 |a GR-MyUa  |b gre  |e AACR2 
041 0 |a gre 
082 7 |a 621.042   |2 (22) 
100 1 |a Φούντας, Αλέξιος-Αθανάσιος. 
245 1 0 |a Ενεργειακά συστήματα κατανεμημένης παραγωγής :   |b εφαρμογή του μοντέλου HOMER στη Λέσβο : μεταπτυχιακή διατριβή /   |c Φούντας Αλέξιος-Αθανάσιος ; επιβλέπων καθηγητής: Χαραλαμπόπουλος Δίας. 
260 |c 2009. 
300 |a 85 σ. :   |b πιν. ;   |c 30 εκ. 
502 |a Διατριβή (μεταπτυχιακή) – Πανεπιστήμιο Αιγαίου, Λέσβος, 2009. 
650 0 0 |a Renewable energy sources  |z Greece  |z Lesbos (Municipality) 
650 0 0 |a Renewable natural resources. 
650 0 0 |a Electric power. 
650 0 0 |a Energy development  |z Greece  |z Lesbos (Municipality) 
650 0 0 |a Solar energy. 
650 0 0 |a Wind power. 
650 0 0 |a Dissertations, Academic  |z Greece. 
700 1 |a Χαραλαμπόπουλος, Δίας,  |e dgs 
710 2 |a Πανεπιστήμιο Αιγαίου  |b Σχολή Περιβάλλοντος  |b Τμήμα Περιβάλλοντος  |b Θεοφράστειο Πρόγραμμα Μεταπτυχιακών Σπουδών Περιβαλλοντική και Οικολογική Μηχανική. 
852 |a INST  |b LESVOS  |c DIATR  |e 20090831  |h 141  |p 005100046689  |q 005100046689  |t MTXE  |y 23 
852 |a INST  |b LESVOS  |c DIATR  |e 20090831  |h 142  |p 005100046690  |q 005100046690  |t MTXE  |y 23 
856 |u http://hdl.handle.net/11610/14779 
901 |a BIBL1-2009-2 
924 |a Φούντας  |b Αλέξιος-Αθανάσιος  |y Λέσβος  |z 2009-08 
970 |a ΤΖΑΦΕΡΗ  |b ΕΥΑΓΓΕΛΙΑ  |z 2009/08/31